000 00696nam a2200253Ia 4500
003 OSt
005 20220928121306.0
006 a|||||r|||| 00| 0
007 ta
008 220927b |||||||| |||| 00| 0 eng d
024 _a143686
037 _cTextual
040 _aSDCL
_cSDCL
_beng
041 _2eng
_aeng
082 _aX652:8, M7
100 _aFischer Donald E
_9451668
245 0 _aSecurity analysis and porfolio management.
250 _a4
260 _aNew Jersey
_bPrentice-Hall
_c1987
300 _axii,708p
_ccm.
700 _a Jordan Ronald J
_9451669
942 _hX652:8, M7
_cTEXL
_2CC
999 _c765706
_d765706